Korea Południowa - Klikanie na mapie - Statystyki

Ogólne statystyki
  • Ten quiz został rozwiązany 54 razy
  • Średni wynik to 6 z 17
Odpowiedzi na mapie
Odpowiedzi zakodowano w zielono-czerwonej skali na mapie do tego quizu, zgodnie z poniższymi procentami.
 
Statystyki odpowiedzi
Odpowiedź % Poprawnych
Seul
64%
Czedżu
61%
Gyeongsang Północny
46%
Pusan
46%
Gyeongsang Południowy
43%
Inczon
43%
Jeolla Północna
43%
Jeolla Południowa
43%
Chungcheong Południowy
32%
Gangwon
32%
Daegu
29%
Gwangju
29%
Gyeonggi
29%
Daejeon
25%
Sedżong
25%
Ulsan
18%
Chungcheong Północny
11%
Nie znaleziono quizów pasujących do podanych kryteriów
Rozkład punktacji
Procent ludzi z każdym wynikiem
Percentyl według liczby udzielonych odpowiedzi
Twoja historia wyników
Nie rozwiązałeś tego quizu